<?xml version="1.0" encoding="UTF-8"?>
<marc:record xmlns:marc="http://www.loc.gov/MARC21/slim">
   <marc:leader>00000nam a2200000 a 4500</marc:leader>
   <marc:datafield ind1="1" ind2=" " tag="100">
      <marc:subfield code="a">Raina Telgemeier</marc:subfield>
      <marc:subfield code="4">aut</marc:subfield>
      <marc:subfield code="e">Verfasser/-in</marc:subfield>
   </marc:datafield>
   <marc:datafield ind1=" " ind2=" " tag="653">
      <marc:subfield code="a">Zahnregulierung</marc:subfield>
   </marc:datafield>
   <marc:datafield ind1=" " ind2=" " tag="653">
      <marc:subfield code="a">Zahnspange</marc:subfield>
   </marc:datafield>
   <marc:datafield ind1=" " ind2=" " tag="653">
      <marc:subfield code="a">Englisch / Comic</marc:subfield>
   </marc:datafield>
   <marc:datafield ind1="0" ind2="0" tag="245">
      <marc:subfield code="a">Smile</marc:subfield>
   </marc:datafield>
   <marc:datafield ind1="0" ind2="0" tag="245">
      <marc:subfield code="b">Graphic Novel/Comic in English</marc:subfield>
   </marc:datafield>
   <marc:datafield ind1="0" ind2="0" tag="245">
      <marc:subfield code="c">Telgemeier, Raina</marc:subfield>
   </marc:datafield>
   <marc:datafield ind1=" " ind2="1" tag="264">
      <marc:subfield code="a">New York</marc:subfield>
      <marc:subfield code="b">Benziger</marc:subfield>
      <marc:subfield code="c">2014</marc:subfield>
   </marc:datafield>
   <marc:datafield ind1="1" ind2=" " tag="490">
      <marc:subfield code="a">Smile / Raina Telgemeier</marc:subfield>
      <marc:subfield code="v">Band 1</marc:subfield>
   </marc:datafield>
   <marc:datafield ind1="1" ind2=" " tag="520">
      <marc:subfield code="a">Raina Telgemeier's #1 New York Times bestselling, Eisner Award-winning graphic memoir based on her childhood!&#xD;
Raina just wants to be a normal sixth grader. But one night after Girl Scouts she trips and falls, severely injuring her two front teeth. What follows is a long and frustrating journey with on-again, off-again braces, surgery, embarrassing headgear, and even a retainer with fake teeth attached. And on top of all that, there's still more to deal with: a major earthquake, boy confusion, and friends who turn out to be not so friendly.&#xD;
&#xD;
&#xD;
Pressestimmen&#xD;
Praise for Smile: #1 New York Times BestsellerWill Eisner Comic Industry Award WinnerBoston Globe-Horn Book Honor BookIrresistible, funny, and touching. -- Kirkus ReviewsOne of the most widely loved kids' graphic novels in recent history. -- BooklistIt hits home partly because there is nothing else out there like it. -- The New York Times Book ReviewPraise for Sisters: #1 New York Times BestsellerWill Eisner Comic Industry Award Winner* A wonderfully charming tale of family and sisters that anyone can bond with. -- Kirkus Reviews, starred review* Poignant and laugh-out-loud funny. -- Publishers Weekly, starred review* Utterly relatable for anyone with siblings. -- School Library Journal, starred reviewPraise for Guts: #1 USA Today Bestseller#1 New York Times Bestseller* The story both normalizes therapy and shows a child developing useful coping mechanisms for anxiety in a way that will reassure, even inspire, readers. -- Publishers Weekly, starred review* A must. -- School Library Journal, starred reviewA compassionate and accessible look at one girl's struggles with anxiety. -- The Bulletin of the Center for Children's BooksPraise for Drama: #1 New York Times BestsellerAn ALA Stonewall Honor Book* Telgemeier is prodigiously talented at telling cheerful stories with realistic portrayals of middle-school characters. -- Booklist, starred review* Pitch-perfect. -- Kirkus Reviews, starred review* Another dead-on look at the confusing world of middle school. -- Publishers Weekly, starred review* An entertaining and enlightening read. -- School Library Journal, starred reviewPraise for Ghosts: #1 New York Times Bestseller* Telgemeier has her finger on the pulse of middle-grade readers, and this might be her best yet. -- Booklist, starred review* Superior visual storytelling. -- Kirkus Reviews, starred review* Telgemeier nudges readers toward the edge of their comfort zone, but she never leaves them alone there. -- Publishers Weekly, starred review</marc:subfield>
   </marc:datafield>
   <marc:datafield ind1=" " ind2=" " tag="020">
      <marc:subfield code="a">9780545132060</marc:subfield>
      <marc:subfield code="9">9780545132060</marc:subfield>
   </marc:datafield>
   <marc:datafield ind1=" " ind2=" " tag="020">
      <marc:subfield code="a">0545132061</marc:subfield>
      <marc:subfield code="9">0545132061</marc:subfield>
   </marc:datafield>
   <marc:datafield ind1=" " ind2=" " tag="041">
      <marc:subfield code="a">eng</marc:subfield>
   </marc:datafield>
   <marc:datafield ind1=" " ind2=" " tag="300">
      <marc:subfield code="b">Illustrationen</marc:subfield>
   </marc:datafield>
   <marc:datafield ind1="0" ind2=" " tag="490">
      <marc:subfield code="v">Band 1</marc:subfield>
   </marc:datafield>
   <marc:datafield ind1=" " ind2=" " tag="338">
      <marc:subfield code="a">Band</marc:subfield>
   </marc:datafield>
   <marc:datafield ind1=" " ind2=" " tag="300">
      <marc:subfield code="a">213 Seiten</marc:subfield>
   </marc:datafield>
</marc:record>
